000 00552nam a2200229 a 4500
001 nice12345678
003 IN_TiNIC
005 20260116011758.0
008 050524s1911 luca grp 000 0 per
020 _a
_c100
082 0 0 _a297.4
_bJAM
100 _aJami, Abdur Rahman
245 _aBariatan-I-Jami
260 _aLucknow
_bGulzar-E-syedi Press
_c1911
300 _a212p
500 _aincludes index and biblioraphy
650 _aSufism-Jami-Poetry
700 1 _aJami, Abdur Rahman
902 _bRBA
942 _cBK
999 _c3898
_d3898